[Event "Perth Chess League"]
[Site "Perth AUS"]
[Date "2024.07.10"]
[Round "5.5"]
[White "Curthoys,Edward"]
[Black "Gough,Dylan"]
[Result "1/2-1/2"]
[BlackElo "1762"]
[BlackFideId "3243176"]
[EventDate "2024.03.12"]
[PlyCount "0"]
[WhiteElo "1894"]
[WhiteFideId "3261468"]

1. e4 c6 2. d4 d5 3. Nc3 e6 4. a3 Nd7 5. Bf4 Nb6 6. Nf3 Bd6 7. Bg3 Bxg3 8. hxg3
dxe4 9. Nxe4 Nf6 10. Bd3 h6 11. Qe2 Nxe4 12. Qxe4 Nd5 13. g4 Qb6 14. Ne5 Bd7 
1/2-1/2

[Event "Perth Chess League"]
[Site "Perth AUS"]
[Date "2024.07.10"]
[Round "5.6"]
[White "Janceski,Alex"]
[Black "Knight,Charles"]
[Result "1-0"]
[BlackElo "1620"]
[BlackFideId "3252027"]
[EventDate "2024.03.12"]
[PlyCount "0"]
[WhiteElo "1891"]
[WhiteFideId "3228185"]

1. d4 Nf6 2. c4 g6 3. Nc3 Bg7 4. e4 d6 5. Be3 O-O 6. Bd3 Nc6 7. f3 e5 8. d5 Ne7
9. Nge2 Nh5 10. g4 Nf6 11. h4 c6 12. Qd2 b5 13. dxc6 bxc4 14. Bxc4 Nxc6 15.
O-O-O Ne8 16. h5 Nd4 17. Nxd4 exd4 18. Bxd4 Bxd4 19. Qxd4 Be6 20. hxg6 Qg5+ 21.
Kb1 Qxg6 22. f4 Bxc4 23. Qxc4 Qe6 24. Qd4 a5 25. g5 Ng7 26. Nd5  1-0

[Event "Perth Chess League"]
[Site "Perth AUS"]
[Date "2024.07.10"]
[Round "5.7"]
[White "Hardegen,Andrew"]
[Black "McAteer,Ian"]
[Result "1-0"]
[BlackElo "1807"]
[BlackFideId "3230015"]
[EventDate "2024.03.12"]
[PlyCount "0"]
[WhiteElo "2099"]
[WhiteFideId "3204081"]

1. d4 d5 2. c4 c6 3. Nf3 Nf6 4. Nc3 e6 5. Qb3 Nbd7 6. Bg5 h6 7. Bh4 dxc4 8. Qxc4
Qb6 9. Rb1 Nd5 10. Nd2 Qb4 11. e4 N5b6 12. Qd3 g5 13. a3 Qe7 14. Bg3 Bg7 15. e5
O-O 16. h4 Rd8 17. hxg5 hxg5 18. Qh7+ Kf8 19. Nce4 f6 20. f4 gxf4 21. Bxf4 Nd5
22. Bh6 fxe5 23. Qh8+ Kf7 24. Qxg7+ Ke8 25. Qg6+ Qf7 26. Nd6+  1-0

[Event "Perth Chess League"]
[Site "Perth AUS"]
[Date "2024.07.10"]
[Round "5.8"]
[White "Hardegen,Kathryn"]
[Black "Soutar,Gavin"]
[Result "0-1"]
[BlackElo "1788"]
[BlackFideId "3228991"]
[EventDate "2024.03.12"]
[PlyCount "0"]
[WhiteElo "2068"]
[WhiteFideId "3226778"]

1. Nf3 c5 2. e4 Nc6 3. d4 cxd4 4. Nxd4 e5 5. Nf3 d6 6. h3 Be7 7. c4 Nf6 8. Nc3
O-O 9. Bd3 h6 10. O-O Be6 11. Be3 a6 12. Rc1 Nd7 13. b3 f5 14. exf5 Bxf5 15.
Bxf5 Rxf5 16. Ne4 Qf8 17. Ng3 Rf7 18. Qd3 Nc5 19. Qe2 Nb4 20. Qd2 Nbd3 21. Rb1
e4 22. Nxe4 Rxf3 23. gxf3 Ne5 24. Qd5+ Kh8 25. Nd2 Ncd3 26. Qe4 Bg5 27. h4 Bxe3
28. fxe3 Nc5 29. b4 Nxe4 30. Nxe4 Nxc4 31. Rb3 d5 32. Rc3 dxe4 33. Rxc4 exf3
34. Rf4 Qd6 35. R1xf3 Rc8 36. Rf2 Rc3 37. Rg4 Qd1+  0-1

[Event "Perth Chess League"]
[Site "Perth AUS"]
[Date "2024.08.08"]
[Round "6.1"]
[White "Holland,Dennis"]
[Black "Ferozkohi,Ihsan"]
[Result "0-1"]
[BlackElo "2429"]
[BlackFideId "24666866"]
[EventDate "2024.03.12"]
[PlyCount "0"]
[WhiteElo "2017"]
[WhiteFideId "3206491"]

1. d4 d5 2. c4 Nf6 3. cxd5 Qxd5 4. Nc3 Qd8 5. Nf3 e6 6. Bg5 Nbd7 7. e3 Be7 8.
Be2 O-O 9. O-O c5 10. Qb3 cxd4 11. Nxd4 Nc5 12. Qc2 Qa5 13. Bh4 Bd7 14. Nb3
Nxb3 15. Qxb3 Bc6 16. Rfd1 a6 17. Rac1 Qf5 18. Bg3 h5 19. Rd4 Bc5 20. Rd2 Rad8
21. Rcd1 Rxd2 22. Rxd2 h4 23. Bc7 h3 24. g3 Ne4 25. Nxe4 Qxe4 26. f3 Qxe3+  0-1

[Event "Perth Chess League"]
[Site "Perth AUS"]
[Date "2024.08.08"]
[Round "6.2"]
[White "King,David"]
[Black "Hare,Tim"]
[Result "0-1"]
[BlackElo "2281"]
[BlackFideId "4300629"]
[EventDate "2024.03.12"]
[PlyCount "0"]
[WhiteElo "2045"]
[WhiteFideId "3246680"]

1. e4 d6 2. d4 g6 3. Nc3 Bg7 4. Nf3 a6 5. a4 b6 6. Be2 h6 7. O-O e6 8. Re1 Ne7
9. Be3 O-O 10. Qd2 Kh7 11. Rad1 Bb7 12. h4 Nd7 13. Bd3 Nf6 14. Qe2 Nc6 15. Bc1
Nb4 16. Bc4 Qe7 17. Nh2 Rae8 18. Bb3 c5 19. e5 dxe5 20. dxe5 Nd7 21. Ng4 Rd8
22. Ne4 Bxe4 23. Qxe4 Qxh4 24. Re3 Nxe5 25. Rxd8 Nxg4 26. Rd2 Qh2+ 27. Kf1
Nxe3+ 28. Qxe3 Qh1+ 29. Ke2 Qxc1 30. c3 Nd5 31. Qf3 b5 32. Bc2 Qg1  0-1

[Event "Perth Chess League"]
[Site "Perth AUS"]
[Date "2024.08.08"]
[Round "6.3"]
[White "Torres, Juan Martin"]
[Black "McAteer,Ian"]
[Result "0-1"]
[BlackElo "1807"]
[BlackFideId "3230015"]
[EventDate "2024.03.12"]
[PlyCount "0"]
[WhiteElo "1674"]
[WhiteFideId "20033923"]

1. e4 c6 2. d4 d5 3. exd5 cxd5 4. c4 Nf6 5. Nc3 e6 6. Nf3 Nc6 7. Bf4 a6 8. Bd3
dxc4 9. Bxc4 b5 10. Bb3 Bb4 11. O-O Bxc3 12. bxc3 Bb7 13. Re1 O-O 14. Qd3 Ne7
15. Bc2 Bxf3 16. Qxf3 Ng6 17. Bg5 Qd5 18. Qg3 Rac8 19. h4 h6 { A terrible move.
I knew it was bad  (  although maybe not as bad as it really was  )  but didn't
see the following line suggested by Stockfish:}  ( 19... b4 20. Bb3 { The
attack cannot proceed due to the following:}  ( 20. h5 Rxc3 21. Re3 Nxh5 )20...
Qf5 21. cxb4 Nh5 { when White maintains a small edge but the game goes on.} 
)20. Bxf6 gxf6 21. Bxg6 fxg6 22. Qxg6+ { And now it should be curtains.}  22...
Kh8 23. Qxh6+ Kg8 24. Re3 Kf7 25. Rae1 { Bringing everyone to the party, but
the Stockfish doesn't like the delay. Time to play for tricks.}  25... Rg8 26.
Rf3 Qxf3 { White shook his head and immediately resigned. The resignation was
premature though, as immediately pointed out by Gyula Plaganyi. Play could have
continued: 27. Qh7+ Rg7 28. Qxg7+ Kxg7 29. gxf3 Kf7. The decisive advantage has
gone but life goes on.}   0-1

[Event "Perth Chess League"]
[Site "Perth AUS"]
[Date "2024.08.08"]
[Round "6.4"]
[White "Wu,Kobe"]
[Black "Soutar,Gavin"]
[Result "1/2-1/2"]
[BlackElo "1788"]
[BlackFideId "3228991"]
[EventDate "2024.03.12"]
[PlyCount "0"]
[WhiteElo "1671"]
[WhiteFideId "3257355"]

1. e4 c5 2. Nf3 Nc6 3. Bb5 d6 4. O-O Nf6 5. Re1 e5 6. c3 Be7 7. d4 cxd4 8. cxd4
exd4 9. Nxd4 Bd7 10. Nc3 O-O 11. Bf4 a6 12. Nxc6 Bxc6 13. Bxc6 bxc6 14. e5 dxe5
15. Bxe5 Re8 16. Qf3 Qb6 17. Qg3 Nh5 18. Qg4 g6 19. Bd4 Qc7 20. Rac1 Rad8 21.
Na4 f5 22. Qd1 Bf6 23. Qb3+ Qf7  1/2-1/2

[Event "Perth Chess League"]
[Site "Perth AUS"]
[Date "2024.08.08"]
[Round "6.5"]
[White "Balavignan,Ashvin"]
[Black "O'Mahoney,Keegan"]
[Result "1-0"]
[BlackElo "2145"]
[BlackFideId "2506190"]
[EventDate "2024.03.12"]
[PlyCount "0"]
[WhiteElo "2025"]
[WhiteFideId "3261425"]

1. d4 e6 2. c4 Bb4+ 3. Bd2 Bxd2+ 4. Qxd2 f5 5. g3 Nf6 6. Bg2 O-O 7. Nc3 d6 8.
Nf3 Nc6 9. O-O e5 10. dxe5 dxe5 11. Rad1 Be6 12. Qc2 Qe8 13. Nd5 Rc8 14. a3 a5
15. e3 h6 16. Nh4 e4 17. Bh3 Ne5 18. Nf4 Nfg4 19. Bxg4 Nxg4 20. Nhg6 Rf6 21.
Nxe6 Rxe6 22. Nf4 Re7 23. Rd5 g5 24. Nh3 Qh5 25. Kg2 { Black has the edge but
at this point he was playing on the increment.}  25... Ne5 26. Qc3 Rce8 27.
Rfd1 Nf3 ( 27... Qf3+ 28. Kg1 Nd3 { improves the edge. The natural looking
knight moves sees it drifting away.}  )28. Rd7 Nh4+ 29. Kf1 Qf3 30. Ng1 Qg2+
31. Ke2 { The edge is back but f4 is needed now. Instead}  31... Nf3 ( 31... f4
32. Rxe7 Rxe7 33. Rd8+ Kf7 34. gxh4 Qxg1 35. exf4 e3 36. fxe3 gxf4 )32. Rxe7
Nxg1+ 33. Rxg1 Qf3+ 34. Ke1 Rxe7 35. Qf6 Rd7 36. Qe6+ Rf7 37. Qxh6 { g4 is
needed here to prevent the h5 break which soon appears.}  37... Rd7 38. Qe6+
Rf7 39. Qd5 Qh5 40. h4 { White now has a solid advantage and rest is
technique.}  40... Qg6 41. Rh1 g4 42. Ke2 Qd6 43. Qxd6 cxd6 44. Rd1 Rc7 45.
Rxd6 Rxc4 46. Kd2 Rc7 47. Rd5 b6 48. Rxf5 Rd7+ 49. Kc3 Rd3+ 50. Kc2 Rd6 51.
Rg5+ Kh7 52. Rxg4 Rc6+ 53. Kb3 b5 54. Rxe4 Rc1 55. Rf4 Rb1 56. Kc2 Re1 57. g4
Re2+ 58. Kb3 a4+ 59. Kc3 Re1 60. Rb4 Re2 61. Rxb5 Rxf2 62. Rb4 Re2 63. Rxa4
Rxe3+ 64. Kc2 Re2+ 65. Kb1 Re1+ 66. Ka2 Rh1 67. g5 Rh2 68. Rb4 Re2 69. a4 Re5
70. Rc4 Kg7 71. b4 Re2+ 72. Kb3 Re3+ 73. Kc2 Re2+ 74. Kd3 Ra2 75. a5 Ra4 76.
Kd4 Kf7 77. Kc5 Ke6 78. Kb6 Kd5 79. Rc5+ Kd6 80. Rb5 Kd7 81. a6 Kc8 82. Rc5+
Kb8 83. a7+ Rxa7 84. Rc8+  1-0

[Event "Perth Chess League"]
[Site "Perth AUS"]
[Date "2024.08.08"]
[Round "6.6"]
[White "Plaganyi,Gyula"]
[Black "Barry,David"]
[Result "1/2-1/2"]
[BlackElo "1913"]
[BlackFideId "3234487"]
[EventDate "2024.03.12"]
[PlyCount "0"]
[WhiteElo "2017"]
[WhiteFideId "3217515"]

1. c4 Nf6 2. Nc3 e6 3. g3 d5 4. Bg2 c5 5. d3 Nc6 6. Bg5 Be7 7. b3 O-O 8. Nh3 Rb8
9. O-O dxc4 10. bxc4 h6 11. Bd2 Nd4 12. a4 b6 13. Nb5 a6 14. Nxd4 Qxd4 15. Rb1
Bb7 16. Be3 Qd6 17. f3 Bc6 18. Nf2 b5 19. axb5 axb5 20. cxb5 Rxb5 21. Rxb5 Bxb5
22. Qc2 Nd5 23. Bd2 Nb4 24. Qc1 Qe5 ( 24... Ra8 25. Ne4 Qd8 )25. Re1 h5 26. f4
Qd6 27. Ne4 Qb6 28. Be3 Rc8 29. Bf3 g6 30. Qb2 f5 31. Nd2 Bc6 32. Nc4 Qc7 33.
Bxc6 Nxc6 34. Rc1 Rb8 35. Qc3 Nb4 36. Qe5 Qc8 37. Bf2 Nd5 38. e4 Bf6 39. Qd6
Be7 40. Qe5 Bf6 41. Qd6 Be7 42. Qe5 Bf6  1/2-1/2

[Event "Perth Chess League"]
[Site "Perth AUS"]
[Date "2024.08.08"]
[Round "6.7"]
[White "Curthoys,Edward"]
[Black "Roebuck,Derek J"]
[Result "0-1"]
[BlackElo "1752"]
[BlackFideId "3226999"]
[EventDate "2024.03.12"]
[PlyCount "0"]
[WhiteElo "1894"]
[WhiteFideId "3261468"]

1. c4 e5 2. g3 c6 3. d4 e4 4. d5 cxd5 5. cxd5 Bb4+ 6. Bd2 Bxd2+ 7. Qxd2 d6 8.
Bg2 Nf6 9. Nc3 Bf5 10. Qf4 Bg6 11. O-O-O O-O 12. Nxe4 Qa5 13. Kb1 Qa4 14. b3
Bxe4+ 15. Ka1 Qb4 16. Bxe4 Qxe4 17. Qxe4 Nxe4 18. Nh3 Nd7 19. f3 Nef6 20. Nf4
Rac8 21. Kb2 h6 22. h4 g6 23. g4 Kg7 24. g5 hxg5 25. hxg5 Nh5 26. Nxh5+ gxh5
27. Rxh5 Rh8 28. Rhh1 Rxh1 29. Rxh1 Rh8 30. Rc1 Rh2 31. Rc7 Rxe2+ 32. Ka3 Nc5
33. b4 Re3+ 34. Kb2 Nd3+ 35. Kc3 Rxf3 36. Kc4 Ne5+ 37. Kb5 Ra3 38. Rxb7 Rxa2
39. Rc7 Kg6 40. Rc8 Kxg5 41. Rd8 a6+ 42. Kb6 Ra4 43. b5 axb5 44. Kxb5 Rd4 45.
Rxd6 Kf5 46. Kc5 Ke4 47. Rd8 f5 48. d6 Rd5+ 49. Kb6 Rxd6+  0-1

[Event "Perth Chess League"]
[Site "Perth AUS"]
[Date "2024.08.08"]
[Round "6.8"]
[White "Janceski,Alex"]
[Black "Simonds,Marcus"]
[Result "1-0"]
[BlackElo "1733"]
[BlackFideId "3237575"]
[EventDate "2024.03.12"]
[PlyCount "0"]
[WhiteElo "1891"]
[WhiteFideId "3228185"]

1. d4 Nf6 2. c3 d6 3. g3 g6 4. Bg2 Bg7 5. Nd2 O-O 6. Qb3 c6 7. Ngf3 Qb6 8. Qc2
d5 9. O-O Bf5 10. Qd1 Ne4 11. Nb3 Nd7 12. Nh4 Be6 13. f3 Nd6 14. e4 Nc4 15. Re1
Rae8 16. Kh1 f6 17. Bf1 Bf7 18. Bxc4 dxc4 19. Nd2 Qa5 20. Qe2 b5 21. f4 e5 22.
dxe5 fxe5 23. f5 g5 24. Ng2 Nc5 25. Nf3 Nd3 26. Rf1 h6 27. Be3 Rd8 28. Nfe1 c5
29. h4 Bf6 30. hxg5 hxg5 31. Nf3 Bh5 32. Nge1 Rd7 33. Kg2 Rff7 34. Rh1 Rh7 35.
Nxd3 cxd3 36. Qd2 Bxf3+ 37. Kxf3 Rxh1 38. Rxh1 c4 39. Bxg5 Qd8 40. Be3 Qe7 41.
Rh6 Bg7 42. Rg6 Rd6 43. Bg5 Qf7 44. Rxd6 Qh5+ 45. Kg2 Bf8 46. Rd8 Kf7 47. Rd5
Qh8 48. Qe3  1-0

[Event "Perth Chess League"]
[Site "Perth AUS"]
[Date "2024.09.24"]
[Round "7.1"]
[White "Balavignan,Ashvin"]
[Black "Holland,Dennis"]
[Result "1/2-1/2"]
[BlackElo "2034"]
[BlackFideId "3206491"]
[EventDate "2024.03.12"]
[PlyCount "0"]
[WhiteElo "2143"]
[WhiteFideId "3217515"]

1. d4 d5 2. c4 e6 3. Nf3 Nf6 4. Nc3 c6 5. e3 Bd6 6. Be2 Nbd7 7. O-O O-O 8. Qc2
Re8 9. b3 h6 10. Bb2 dxc4 11. bxc4 b6 12. Rfd1 Qe7 13. a4 Bb4 14. e4 Nf8 15. e5
N6d7 16. Ne4 Ba6 17. Bc3 Bxc3 18. Qxc3 c5 19. a5 cxd4 20. Qxd4 Nc5 21. Nxc5
bxc5 22. Qd6 Qxd6 23. Rxd6 Bb7 24. a6 Be4 25. Nd2 Bf5 26. Bf3 Rab8 27. Bb7 Red8
28. Rxd8 Rxd8 29. Nb3 Ng6 30. Na5 Ne7 31. Kf1 Rd2 32. Ke1 Rb2 33. Rd1 Rb1 34.
Rxb1 Bxb1 35. f4 Bc2 36. Kd2 Ba4 37. Bf3 Kf8 38. Nb7 Bc6 39. Nxc5 Bxf3 40. gxf3
Nc6 41. Kd3 Ke7 42. Ke4 g6 43. h4 h5 44. f5 exf5+ 45. Kf4 Na5 46. Nd3 Nxc4 47.
Nb4 Kd7 48. Nd3 Ke6 49. Nc5+ Kd5 50. Nd7 Ke6 51. Nc5+ Kd5 52. Nd7 Ke6 { Black
has a winning position but, with his team having already secured the win, a
draw was agreed.}   1/2-1/2

[Event "Perth Chess League"]
[Site "Perth AUS"]
[Date "2024.09.24"]
[Round "7.2"]
[White "Plaganyi,Gyula"]
[Black "King,David"]
[Result "1/2-1/2"]
[BlackElo "2040"]
[BlackFideId "3246680"]
[EventDate "2024.03.12"]
[PlyCount "0"]
[WhiteElo "2058"]
[WhiteFideId "3261468"]

1. c4 c6 2. g3 d5 3. Bg2 Nf6 4. Nf3 Bf5 5. cxd5 cxd5 6. Qb3 Qc8 7. O-O e6 8. Nc3
Nc6 9. d3 Be7 10. Bf4 O-O 11. Rac1 h6 12. Nb5 Rd8 13. Ne5 ( 13. Nc7 g5 )13...
Nh5 14. Nxc6 bxc6 15. Nd4 Nxf4 16. gxf4 Rd6 17. Nxf5 exf5 18. Qa4 Qd7 19. Rc2
Rb8 20. d4 Rb6 21. b4 Qb7 22. a3 Bf8 23. Rfc1 Rg6 24. Kf1 Qa6 25. Qxa6 Rxa6 26.
Rc3 Rb6 27. Bh3 Rf6 28. e3 g6 29. Bg2 Kg7 30. Ke2 Rd6 31. Kd3 Re6 32. Bf3 Kf6
33. Bd1 a5 34. bxa5 Ra6 35. Ba4 Rxa5 36. Bxc6 Bxa3 37. Rb1 Be7 38. Rb5 Rxb5 39.
Bxb5 Rb6 40. Rc6+ Rxc6 41. Bxc6 Ke6 42. f3 Bd6 43. h3 Bc7 { With Black's team
having already picked up wins on board 3 and, surprisingly, board 4 he was
satisfied with a draw being agreed.}   1/2-1/2

[Event "Perth Chess League"]
[Site "Perth AUS"]
[Date "2024.09.24"]
[Round "7.3"]
[White "Curthoys,Edward"]
[Black "Lucas,Bradley"]
[Result "0-1"]
[BlackElo "1965"]
[BlackFideId "311105223"]
[EventDate "2024.03.12"]
[PlyCount "0"]
[WhiteElo "1872"]
[WhiteFideId "3261425"]

1. c4 d5 2. cxd5 c6 3. dxc6 Nxc6 4. Nf3 e5 5. Nc3 Nf6 6. d3 Bc5 7. Bg5 Qb6 8.
Qb3 Bxf2+ 9. Kd1 Qd8 10. Ne4 Bb6 11. Qa3 Bc7 12. Rc1 Bf5 13. Kc2 Bxe4 14. dxe4
Bd6 15. Qa4 O-O 16. Kb1 a6 17. g3 b5 18. Qd1 Na5 19. Bh3 h6 20. Bxf6 Qxf6 21.
Rf1 Qd8 ( 21... Qe7 { is more precise.} )22. b3 Qb6 23. Qc2 Rab8 24. Qb2 {
White's plan is unclear.}  24... Qe3 25. Qc2 { Now the loss of time allows
Black to gain an initiative.}  25... Ba3 26. Rcd1 Rfe8 ( 26... Nc4 27. bxc4
bxc4+ 28. Ka1 Bb2+ 29. Kb1 Bd4+ { and mate follows.}  )27. Qd3 Qb6 28. Qc2 Nc4
29. bxc4 bxc4+ 30. Ka1 Bb2+ 31. Kb1 Bc3+ 32. Kc1 Qa5 33. Rd5 Qa3+ 34. Kd1 Rb2
35. Qc1 Qa4+  0-1

[Event "Perth Chess League"]
[Site "Perth AUS"]
[Date "2024.09.24"]
[Round "7.4"]
[White "Janceski,Alex"]
[Black "Rithauddin,Florentyna"]
[Result "0-1"]
[BlackElo "1439"]
[BlackFideId "35816694"]
[EventDate "2024.03.12"]
[PlyCount "0"]
[WhiteElo "1886"]
[WhiteFideId "3228185"]

1. d4 d5 2. c4 e6 3. e3 Nf6 4. Nf3 c6 5. a3 Be7 6. Nbd2 O-O 7. Be2 c5 8. dxc5
Bxc5 9. b4 Be7 10. Bb2 Nc6 11. c5 a6 12. Qc2 Bd7 13. O-O b6 14. cxb6 Qxb6 15.
Rfc1 Rfc8 16. Qd1 a5 17. b5 Nd8 18. a4 Nb7 19. Bd4 Qd8 20. Ne5 Nc5 21. Nb3 Nxb3
22. Qxb3 Bb4 23. Nd3 Be7 24. f3 Rxc1+ 25. Rxc1 Rc8 26. Rxc8 Qxc8 27. b6 Qb7 28.
Qc3 Bxa4 29. Qxa5 Bc6 { White holds a clear advantage.}  30. Ne5 Nd7 31. Ba6
Qa8 32. Nxc6 Qxc6 33. Bb5 Qb7 34. Bxd7 Qxd7 35. Qa8+ Bd8 36. b7 Qc7 37. b8=Q
$142 $153 { A blunder that, with best play, gives Black a draw. However, a
series of blunders ensue.}  37... Qc1+ 38. Kf2 Qd2+ $142 $153 { And now White
wins.}  ( 38... Qc2+ 39. Kg3 Qg6+ 40. Kf2 Qc2+ { etc.}  )39. Kg3 Qe1+ 40. Kh3
$142 $153 ( 40. Kf4)40... Qh4# { An amazing swindle to win the match for the
Southern Cabbages.}   0-1

[Event "Perth Chess League"]
[Site "Perth AUS"]
[Date "2024.09.24"]
[Round "7.5"]
[White "O'Mahoney,Keegan"]
[Black "Hardegen,Andrew"]
[Result "1-0"]
[BlackElo "2113"]
[BlackFideId "3204081"]
[EventDate "2024.03.12"]
[PlyCount "0"]
[WhiteElo "2099"]
[WhiteFideId "2506190"]

1. d4 d5 2. Bg5 h6 3. Bh4 c5 4. Nc3 g5 5. Bg3 Bg7 6. e3 cxd4 7. exd4 Nf6 8. Nb5
Na6 9. c3 Bg4 10. Be2 Bxe2 11. Qxe2 Ne4 12. Nf3 h5 13. h3 Nxg3 14. fxg3 Bf6 15.
O-O Qb6 16. a4 Nc7 17. Ne5 Rh6 18. Nxc7+ Qxc7 19. Qb5+ Kf8 20. Qxd5 e6 21. Qd7
Qxd7 22. Nxd7+ Ke7 23. Nxf6 Rxf6 24. Rxf6 Kxf6 25. Re1 Rc8 26. Re5 Rc6 27. h4
gxh4 28. gxh4 Kg6 29. Rg5+ Kh6 30. Rc5 Rb6 31. Rb5 Kg6 32. Kf2 Rxb5 33. axb5
Kf5 34. Kf3 f6 35. c4 e5 36. d5 Kg6 37. g4 hxg4+ 38. Kxg4 f5+ 39. Kf3 f4 40.
Ke4 Kh5 41. d6  1-0

[Event "Perth Chess League"]
[Site "Perth AUS"]
[Date "2024.09.24"]
[Round "7.6"]
[White "Barry,David"]
[Black "Hardegen,Kathryn"]
[Result "0-1"]
[BlackElo "1924"]
[BlackFideId "3226778"]
[EventDate "2024.03.12"]
[PlyCount "0"]
[WhiteElo "2067"]
[WhiteFideId "3234487"]

1. e4 d6 2. d4 a6 3. Nf3 b5 4. Bd3 c5 5. c3 Nf6 6. O-O e6 7. Re1 Be7 8. Nbd2 O-O
9. Nf1 Nbd7 10. Bf4 Bb7 11. Bc2 c4 12. Ng3 Re8 13. a4 Bf8 14. axb5 axb5 15. Qe2
e5 16. dxe5 dxe5 17. Be3 Qc7 18. b4 cxb3 19. Bxb3 Rxa1 20. Rxa1 Qxc3 21. Ra7
Qxb3 22. Rxb7 b4 23. Qb5 Qb1+ ( 23... Qc2 24. Rxd7 Nxd7 25. Qxd7 Re6 )24. Nf1
Qd1 25. Bd2 Nc5 26. Bxb4 ( 26. Rc7 Ncxe4 27. Bxb4 Bxb4 28. Qxb4 Nd5 )( 26. Rb6
Nfd7 27. Ng5 ( 27. Bxb4 Rc8 28. Rc6 Rb8 29. Qc4 Qa4 )27... h6 28. Nxf7 )26...
Nxb7 27. Bxf8 Nd6 ( 27... Qd7 28. Qxd7 Nxd7 29. Bb4 Nbc5 30. N3d2 Ra8 31. Bxc5
Nxc5 )28. Bxd6 Qxd6 29. g3 h6 30. Kg2 Rb8 31. Qc4 g6 32. Ne3 Rb4 33. Qc8+ Kh7 (
33... Kg7 34. Nh4 Qd3 35. Qc7 Rxe4 36. Qb6 Nd5 ( 36... Ng4 37. Nhf5+ gxf5 38.
Nxf5+ Kh7 39. Qb7 Kg6 40. Nh4+ Kf6 41. Qc6+ Kg5 42. h3 Nxf2 43. Nf3+ Kf5 44.
Ng1 Qd2 45. Nf3 Qa2 )37. Nhf5+ gxf5 38. Nxf5+ Kg8 39. Qc6 Ne3+ 40. fxe3 Qe2+
41. Kg1 )34. Nc4 Qe6 35. Qxe6 fxe6 36. Nfxe5 Nxe4 37. Kf3 Nc5 38. Ke3 Kg7 39.
f4 Nd7 40. Nxd7 Rxc4 41. h4 Rc1 42. Kf3 h5 43. Ne5 Kf6 44. g4 Rc3+ 45. Kg2 hxg4
46. Nxg4+ Kf5 47. Ne5 Re3 48. Kh2 Re4 ( 48... Rxe5 49. fxe5 Kxe5 50. Kh3 Kf4
51. Kg2 Kg4 ) 0-1

[Event "Perth Chess League"]
[Site "Perth AUS"]
[Date "2024.09.24"]
[Round "7.7"]
[White "Roebuck,Derek J"]
[Black "Taylor,Noah"]
[Result "1/2-1/2"]
[BlackElo "1798"]
[BlackFideId "3250121"]
[EventDate "2024.03.12"]
[PlyCount "0"]
[WhiteElo "1835"]
[WhiteFideId "3226999"]

1. e4 e5 2. Nc3 Nc6 3. f4 exf4 4. Nf3 d6 5. d4 g5 6. h4 g4 7. Ng5 h6 8. Nxf7
Kxf7 9. Bxf4 Nf6 10. Bc4+ Kg7 11. O-O Qe8 12. Nd5 Nxd5 13. exd5 Ne7 14. Qd2 Bf5
15. Rae1 Qg6 16. Re2 Kh7 17. Rfe1 Re8 18. Qa5 Qf6 19. c3 Bg6 20. g3 Bg7 21.
Qxc7 Nf5 22. Bd3 Rxe2 23. Rxe2 Nxh4 24. Bxg6+ Nxg6 25. Bxd6 Qf3 26. Rf2 Qxd5
27. Rf7  1/2-1/2

[Event "Perth Chess League"]
[Site "Perth AUS"]
[Date "2024.09.24"]
[Round "7.8"]
[White "Moseley,Paul"]
[Black "Huang,Hui"]
[Result "0-1"]
[BlackElo "1814"]
[BlackFideId "3247597"]
[EventDate "2024.03.12"]
[PlyCount "0"]
[WhiteElo "1516"]
[WhiteFideId "3250911"]

1. f4 d5 2. Nf3 Bf5 3. e3 e6 4. b3 Be7 5. Bb2 Bf6 6. Ne5 Nd7 7. d3 Nxe5 8. fxe5
Bg5 9. Qf3 Nh6 10. h3 Bg6 11. Nd2 Nf5 12. Bd4 Bh4+ 13. Kd1 Ng3 14. Rg1 Bh5  0-1

[Event "Perth Chess League"]
[Site "Perth AUS"]
[Date "2024.09.24"]
[Round "7.9"]
[White "Spirin,Victor"]
[Black "Hare,Tim"]
[Result "1-0"]
[BlackElo "2287"]
[BlackFideId "4300629"]
[EventDate "2024.03.12"]
[PlyCount "0"]
[WhiteElo "2267"]
[WhiteFideId "54131170"]

1. d4 c5 2. d5 f5 3. g4 fxg4 4. e4 d6 5. h3 Nf6 6. Nc3 a6 7. hxg4 Bxg4 8. f3 Bh5
9. Nh3 Nbd7 10. Nf4 Bf7 11. Bh3 b5 12. Be6 Ne5 13. Bxf7+ Nxf7 14. Ne6 Qc8 15.
Be3 Nd8 16. Nxd8 Qxd8 17. Ne2 Qa5+ 18. Bd2 Qb6 19. Nf4 O-O-O 20. Ne6 Rd7 21. a4
b4 22. a5 Qb5 23. Kf2 g6 24. c3 b3 25. c4 Qxc4 26. Rc1 Qa4 27. Qe2 Qb5 28. Qe3
Rc7 29. Rc3 h5 30. Rxb3 Qa4 31. Ra3 Qb5 32. Nxc7 Kxc7 33. Qb3 Bg7 34. Qxb5 axb5
35. b4 Rf8 36. Ke2 Nd7 37. f4 Bd4 38. Rg3 Rf6 39. Be3 Bxe3 40. Kxe3 cxb4 41.
Rhg1 b3 42. Rxg6 Rf8 43. Rg7 Re8 44. Kd4 Nc5 45. e5 b2 46. Kc3 Na4+ 47. Kb4 Kd7
48. e6+ Kc7 49. f5 h4 50. f6 h3 51. Rxe7+ Rxe7 52. fxe7 h2 53. Rh1  1-0